Strukturnyje cikly i ekologičeskoje prognozirovanije.

Vývoj názorov na ekonomický cyklus v ZSSR a miesto štruktúry priemyslu a ekonomiky v ekonomickom cykle. Dlhodobá štruktúrna stratégia a radikálna prestavba štruktúry. Rastúci význam vzdelávacieho cyklu pre ekonomický cyklus. Väzba štruktúrneho cyklu a ekologickej krízy. Pokles štruktúrnej efektívnos...

Ausführliche Beschreibung

Gespeichert in:
Bibliographische Detailangaben
1. Verfasser: Jakovec, T.
Format: Buchkapitel
Sprache:Russisch
Schlagworte:
Tags: Tag hinzufügen
Keine Tags, Fügen Sie das erste Tag hinzu!

MARC

LEADER 00000naa a2200000 4500
001 r001087
005 20220819194736.3
041 0 |a rus 
044 |a [SU] 
245 1 0 |a Strukturnyje cikly i ekologičeskoje prognozirovanije.  |c T. Jakovec 
520 |a Vývoj názorov na ekonomický cyklus v ZSSR a miesto štruktúry priemyslu a ekonomiky v ekonomickom cykle. Dlhodobá štruktúrna stratégia a radikálna prestavba štruktúry. Rastúci význam vzdelávacieho cyklu pre ekonomický cyklus. Väzba štruktúrneho cyklu a ekologickej krízy. Pokles štruktúrnej efektívnosti ekonomiky ZSSR. 
610 2 0 |a cykly hospodárske 
610 2 0 |a štruktúra ekonomická 
610 2 0 |a zmeny štruktúrne 
610 2 0 |a ekológia 
610 2 0 |a efektívnosť ekonomická 
610 2 0 |a prognózovanie 
610 2 0 |a stratégia hospodárska 
610 2 0 |a ZSSR 
100 1 |a Jakovec, T.